Feyenoord all-time top scorers - Statistics

General Stats
  • This quiz has been taken 58 times
  • The average score is 3 of 10
Answer Stats
Goals Nationality Player % Correct
119 Netherlands Dirk Kuyt
90%
87 Netherlands Steven Berghuis
46%
133 Sweden Ove Kindva
44%
92 Denmark Jon Dahl Tomasson
42%
72 Netherlands Pierre van Hooijdonk
42%
107 Netherlands Willem van Hanegem
38%
91 Netherlands Peter Houtman
25%
71 Netherlands Lex Schoenmaker
8%
81 Netherlands Theo de Jong
8%
75 Netherlands André Hoekstra
4%
No matching quizzes found
Score Distribution
Percent of People with Each Score
Percentile by Number Answered
Your Score History
You have not taken this quiz